Sitcom by IMDb Description II Quiz Stats

 Plays Quiz Updated Jul 15, 2018

Score 0/24 Timer 05:00
1 Play Today
% Correct
Sex and the City
95.7%
Sabrina, the Teenage Witch
95.7%
Gilligan's Island
94.3%
Reno 911!
93.8%
Night Court
93.3%
ALF
93%
Home Improvement
93%
Laverne & Shirley
92.8%
I Dream of Jeannie
92.7%
Fresh Off the Boat
91.9%
Frasier
91.5%
Three's Company
89.8%
% Correct
The Odd Couple
87.6%
It's Always Sunny in Philadelphia
87%
Curb Your Enthusiasm
85.9%
My Name Is Earl
85.4%
Diff'rent Strokes
84.9%
Welcome Back, Kotter
84.6%
Everybody Loves Raymond
83.9%
The King of Queens
83.1%
Black-ish
80.7%
King of the Hill
80.6%
Mad About You
78.6%
Perfect Strangers
70.4%

You're not logged in!

Compare scores with friends on all Sporcle quizzes.
OR
Log In

Sporcle TV

Today on Sporcle TV


Watch our educational content, quiz creation guides, and fun videos on Sporcle TV.

Show Comments

Extras

Top Quizzes Today


Score Distribution

Your Account Isn't Verified!

In order to create a playlist on Sporcle, you need to verify the email address you used during registration. Go to your Sporcle Settings to finish the process.

Report this User

Report this user for behavior that violates our Community Guidelines.

Details: